من العقيدة الى الثورة / (Record no. 54024)
[ view plain ]
| 000 -الفاتح | |
|---|---|
| حقل البيانات ثابتة الطول | 00967nam a2200217Ia 4500 |
| 005 - وقت وتاريخ اخر تعامل مع التسجيلة | |
| رقم الضبط | 20240530105220.0 |
| 008 - عناصر البيانات ثابتة الطول - معلومات عامة | |
| حقل البيانات ثابتة الطول | 140319s9999 xx 000 0 ara d |
| 040 ## - مصدر الفهرسة | |
| وكالة الفهرسة الأصلية | GCL / |
| وكالة النسخ | GCL |
| 082 04 - رقم تصنيف ديوى العشرى | |
| رقم التصنيف | 189.9 \ |
| رقم المادة | ح م |
| 100 1# - المدخل الرئيسى - إسم شخصى | |
| الإسم الشخصى | حسن حنفى |
| 245 10 - بيان العنوان | |
| العنوان | من العقيدة الى الثورة / |
| بيان المسئوليه,etc | حسن حنفى |
| رقم الجزء/قسم العمل | 1 |
| اسم جزء/قسم العمل | المقدمات النظرية |
| رقم الجزء/قسم العمل | 2 |
| اسم جزء/قسم العمل | الانسان الكامل : التوحيد |
| رقم الجزء/قسم العمل | 3 |
| اسم جزء/قسم العمل | الانسان المتعين : العدل |
| رقم الجزء/قسم العمل | 5 |
| اسم جزء/قسم العمل | التاريخ المتعين : الايمان والعمل والامامة |
| 300 ## - الوصف المادى | |
| التعداد | 5 مج ؛ |
| أبعاد الوعاء | 24 سم |
| 490 ## - بيان السلسلة | |
| عنوان السلسلة | موقفنا من التراث القديم |
| رقم المجلد/ التعيين التسلسلي | 1 |
| 490 ## - بيان السلسلة | |
| عنوان السلسلة | التراث و التجديد |
| رقم المجلد/ التعيين التسلسلي | 1 |
| 650 04 - المدخل الاضافى بالموضوع-مصطلح موضوعى | |
| مصطلح موضوعي | الفلسفة الاسلامية - تاريخ |
| 650 04 - المدخل الاضافى بالموضوع-مصطلح موضوعى | |
| مصطلح موضوعي | الثقافة - العالم العربى |
| 942 ## - عناصر المدخل الإضافي( كوها) | |
| مصدر التصنيف او مخطط الترفيف | Dewey Decimal Classification |
| Koha [default] item type | كتاب |
| 260 ## - PUBLICATION, DISTRIBUTION, ETC. (IMPRINT) | |
| -- | المغرب : |
| -- | المركز الثقافى العربى ، |
| 260 ## - PUBLICATION, DISTRIBUTION, ETC. (IMPRINT) | |
| -- | القاهرة : |
| -- | مكتبة مدبولى |
| حالة التراجع | حالة الفقد | حالة تلف | ليس للاعارة | المكان المؤقت | الموقع الحالى | تاريخ الاكتساب | اجمالي اﻻعارات | رقم الطلب | الباركود | تاريخ اخر مشاهدة | تاريخ تفعيل السعر | نوع وعاء كوها |
|---|---|---|---|---|---|---|---|---|---|---|---|---|
| مكتبة القاهرة الكبرى | مكتبة القاهرة الكبرى | 03/26/2014 | 189.9 \ ح م | 129997 | 03/26/2014 | 03/26/2014 | كتاب | |||||
| مكتبة القاهرة الكبرى | مكتبة القاهرة الكبرى | 03/26/2014 | 189.9 \ ح م | 129998 | 03/26/2014 | 03/26/2014 | كتاب | |||||
| مكتبة القاهرة الكبرى | مكتبة القاهرة الكبرى | 03/26/2014 | 189.9 \ ح م | 129999 | 03/26/2014 | 03/26/2014 | كتاب | |||||
| مكتبة القاهرة الكبرى | مكتبة القاهرة الكبرى | 03/26/2014 | 189.9 \ ح م | 130000 | 03/26/2014 | 03/26/2014 | كتاب | |||||
| مكتبة القاهرة الكبرى | مكتبة القاهرة الكبرى | 03/26/2014 | 189.9 \ ح م | 130001 | 03/26/2014 | 03/26/2014 | كتاب | |||||
| مكتبة القاهرة الكبرى | مكتبة القاهرة الكبرى | 03/26/2014 | 189.9 \ ح م | 130002 | 03/26/2014 | 03/26/2014 | كتاب |

